00330nam a2200109Ia 4500050002500000100002100025245005000046020002200096260003200118040002900150008004100179 aSBL QR 46 bL48 2012 aLevinson, Warren 0aReview of medical microbiology and immunology a978-0-07-177434-5 aMcGraw HillbNew Yorkc2012 cChuka University Library230105s9999||||xx |||||||||||||| ||und||